Footballeurs en D (par images). - Statistiques

Statistiques générales
  • Ce quiz a été pris 781 fois
  • Le résultat moyen est 14 sur 20
Statistiques - réponses
Par images Réponse % Correct
Ángel Di María
99%
Didier Deschamps
99%
Ousmane Dembélé
99%
Didier Drogba
98%
Kévin De Bruyne
98%
Paulo Dybala
95%
Marcel Desailly
91%
Edin Džeko
73%
Alessandro Del Piero
72%
Deco
71%
Daniele De Rossi
69%
Dida
68%
Edgar Davids
67%
Youri Djorkaeff
66%
Christophe Dugarry
60%
Alfredo Di Stéfano
59%
Antonio Di Natale
39%
Kenny Dalglish
35%
Denílson
13%
Didi
11%
Aucun quiz correspondant
Distribution des résultats
% des personnes avec chaque résultat
Percentile par nombre de réponses
Votre historique - résultats
Vous n’avez pas pris ce quiz